| 000 | 01697nam0a22003251 4500 | ||
|---|---|---|---|
| 001 | rc\3597233 | ||
| 005 | 20260406141357.0 | ||
| 035 | _a(NLR Aleph) 007811387 | ||
| 090 |
_a7714641 _c7714641 |
||
| 100 | _a20130115d1972 |||y0rusy50 ca | ||
| 101 | 0 | _arus | |
| 102 | _aRU | ||
| 105 | _ay z ||||| | ||
| 200 | 1 |
_aПрогрессивные формы организации общественного производства на селе _f[Под ред. канд. экон. наук, доц. М.Я. Базина] _gМолд. науч.-исслед. ин-т экономики и организации с.-х. производства |
|
| 210 |
_aКишинев _cШтиинца _d1972 |
||
| 215 |
_a44 с. _d21 |
||
| 300 | _aНа 5-й с. авт.: М.Я. Базин, канд. с.-х. наук С.И. Мартин, канд. экон. наук И.Г. Письменный, В.Ф. Тришин | ||
| 606 |
_aМежколхозные производственные связи _yМССР _2psbo |
||
| 606 |
_aАграрно-промышленные объединения _yМССР _2psbo |
||
| 606 |
_aКолхозы _xПодсобные производства _yМССР _2psbo |
||
| 701 | 1 |
_aМартин _bС.И. |
|
| 701 | 1 |
_aПисьменный _bИ.Г. |
|
| 701 | 1 |
_aБазин _bМ.Я. _gМихаил Яковлевич _4340 |
|
| 701 | 1 |
_aТришин _bВ.Ф. |
|
| 712 | 0 | 2 |
_aМолдавский НИИ экономики и организации сельскохозяйственного производства _cКишинев _3RU\NLR\AUTH\889920425 _9337055 |
| 801 | 0 |
_aRU _bNLR _gpsbo |
|
| 801 | 1 |
_aRU _bELAR _2rusmarc |
|
| 852 |
_aNLR _j72-6/6403 |
||
| 942 | _cBOOK | ||
| 980 | _aNB | ||